[Event "Your Next Move GCT 2018-Blitz"]
[Site "Leuven"]
[Date "2018.06.16"]
[Round "13"]
[White "So, Wesley"]
[Black "Grischuk, Alexander"]
[Result "1/2-1/2"]
[WhiteElo "2856"]
[BlackElo "2831"]
[Annotator "TA"]
[PlyCount "113"]
[EventDate "2018.06.16"]
[EventType "tourn"]
[EventCountry "BEL"]
[SourceTitle "playchess.com"]
[Source "ChessBase"]
[SourceQuality "1"]

{[%evp 14,113,0,0,0,0,0,0,0,2,0,-8,0,-4,19,-2,4,0,0,0,18,4,12,0,24,0,27,30,33,34,29,30,52,21,22,0,32,0,0,-33,3,2,3,-88,-27,-35,-4,-60,-61,-66,134,143,134,133,128,139,135,125,129,127,158,170,170,118,156,138,149,114,128,94,122,132,139,49,49,6,6,0,14,10,13,0,42,33,42,0,37,27,27,27,27,27,29,11,60,39,39,39,42,8,59,26]} 1. d4 Nf6 2. Nf3 g6 3. Nbd2 Bg7 4. e4 d6 5. Bd3 O-O 6. O-O c5 7. c3 cxd4 8. cxd4 {LiveBook: 48 Games} e5 {B07: Pirc Defence: Miscellaneous Systems} 9. Re1 exd4 10. Nxd4 Ng4 {The position is equal.} 11. N4f3 $1 (11. N2f3 Bxd4 12. Nxd4 Qh4 $17) 11... Nc6 12. Nc4 Be6 13. h3 $146 ({Predecessor:} 13. Bg5 Bf6 14. Bf4 Nge5 15. Ncxe5 Nxe5 16. Nd4 Bd7 17. Be2 Qb6 18. Qd2 Nd3 19. Bxd3 Bxd4 20. Be3 Be6 21. Bf1 Bxe3 22. Rxe3 Rac8 23. a3 {½-½ (24) Dubov,D (2701)-Grischuk,A (2767) Moscow 2018}) 13... Nge5 14. Ncxe5 $1 dxe5 15. a3 Qb6 16. b4 {[%cal Bb2b4,Bb4b5][%mdl 32]} Rfd8 17. Be3 Qc7 18. Qe2 a5 19. Ng5 Bd7 20. b5 Nd4 21. Bxd4 $1 exd4 22. e5 Re8 {[%cal Re8e5]} 23. Qf3 Be6 24. Rac1 ({Of course not} 24. Nxe6 Rxe6 25. Rac1 Qe7 $15) 24... Qd7 25. Nxe6 Rxe6 26. Rc5 Rc8 27. Rd5 $36 {[%mdl 2048] White is pushing.} Qe7 {[%cal Rg7e5]} 28. Rxd4 (28. Qe4 $11) 28... Rxe5 ({Black should play} 28... Bxe5 $17 29. Rde4 Qxa3) 29. Rde4 Rxe4 30. Bxe4 (30. Qxe4 $11 Qxe4 31. Bxe4) 30... Rc3 $15 31. Qd1 Rxa3 $2 {[#]} (31... Qxa3 $15 {stays ahead.} 32. Bxb7 Bf6) 32. Bxg6 $1 $16 {[%mdl 512]} Qf8 (32... fxg6 33. Rxe7) 33. Bb1 Rc3 {[#]} 34. Qd7 $1 {Black must now prevent Bf5.} Rc8 35. Qxb7 Re8 36. Rf1 Qb4 37. Ba2 Rf8 38. Qc6 ({White should try} 38. Rd1 $18) 38... Bd4 39. Bb1 Rb8 40. Qe4 Rxb5 41. Qxh7+ Kf8 42. Ba2 {[%csl Ga2][%cal Rh7f7]} Qe7 {intending ...Qf6.} 43. Qd3 (43. Rc1 $16 {White wants to mate with Rc8+.} Rc5 44. Rb1 (44. Rxc5 Bxf2+ 45. Kxf2 Qxc5+ 46. Ke2 Qe7+ 47. Kf2 Qc5+ 48. Ke2 Qe7+ 49. Kf1 Qf6+ 50. Ke1 Qc3+ 51. Kd1 Qd4+ 52. Kc2 Qc5+ 53. Kd3 Qa3+ 54. Kd4 Qxa2 $11)) 43... Rb4 $14 44. Qf3 Rb2 45. Bc4 Qf6 46. Qxf6 Bxf6 $11 {[%mdl 4096] Endgame KRB-KRB} 47. Rd1 Ke7 48. Re1+ Kf8 49. Rd1 Ke7 50. Rd5 a4 51. Ra5 Bd4 52. Rxa4 Rxf2 {...Ra2+ is the strong threat.} 53. Kh2 Rc2 54. Bb3 Be5+ 55. Kg1 Rb2 56. Bc4 f6 ({Better is} 56... Bd4+ $11 57. Kh1 Rb1+ 58. Kh2 Be5+ 59. g3 Rb2+ 60. Kg1 Bxg3) 57. Bf1 {Precision: White = 56%, Black = 45%.} 1/2-1/2

[Event "Your Next Move GCT 2018-Blitz"]
[Site "Leuven"]
[Date "2018.06.16"]
[Round "13"]
[White "Caruana, Fabiano"]
[Black "Vachier-Lagrave, Maxime"]
[Result "0-1"]
[WhiteElo "2818"]
[BlackElo "2837"]
[Annotator "TA"]
[PlyCount "96"]
[EventDate "2018.06.16"]
[EventType "tourn"]
[EventCountry "BEL"]
[SourceTitle "playchess.com"]
[Source "ChessBase"]
[SourceQuality "1"]

{[%evp 14,96,15,6,15,1,12,0,2,-8,-10,-12,0,0,0,-7,-2,-8,18,-17,14,6,25,20,25,0,0,0,5,-88,-77,-104,-106,-121,-121,-135,-101,-169,-102,-112,-99,-114,-105,-279,-239,-286,-285,-274,-285,-282,-245,-279,-272,-262,-245,-248,0,0,0,-249,-259,-257,-260,-256,-211,-417,-329,-300,-310,-298,-194,-180,-158,-136,-103,-223,-197,-12833,-12833,-6628,-6307,-12839,-12839,-12839,-12839]} 1. e4 c5 2. Nc3 d6 3. Nge2 Nf6 4. g3 g6 5. Bg2 Bg7 6. d3 Nc6 7. O-O O-O 8. a3 {LiveBook: 3 Games. B25: Closed Sicilian: 3 g3, lines without early Be3} (8. h3 e6 9. Be3 b6 10. Qd2 d5 11. Bh6 Bxh6 12. Qxh6 Nd4 13. exd5 Nxe2+ 14. Nxe2 exd5 15. Rfe1 Bb7 16. g4 {0-1 (57) Carlsen,M (2837)-Ding,L (2774) Saint Louis 2017}) 8... e6 9. Rb1 Rb8 10. b4 $146 {The position is equal.} ({Predecessor:} 10. h3 b6 11. Be3 e5 12. f4 Nd4 13. Qd2 Bb7 14. Rf2 Ne8 15. Rbf1 f5 16. fxe5 dxe5 {0-1 (53) Nguyen,T (2299)-Vo,K Thua Thien Hue 2001}) 10... b6 11. h3 Bb7 12. Be3 Nd7 13. Qd2 a6 14. Bh6 Bxh6 15. Qxh6 Qf6 16. Nd1 (16. Qd2 {is interesting.} b5 17. f4 Nd4 18. bxc5 Nxe2+ 19. Nxe2 dxc5 20. e5) 16... Qg7 17. Qd2 b5 18. c3 f5 19. Nf4 Rbe8 20. exf5 gxf5 {[%cal Bg6f5,Bf5f4][%mdl 32]} 21. Re1 (21. Ne3 $11 {keeps the balance.}) 21... e5 $1 $36 {[%cal Re5f4][%mdl 2048] Keeping White busy.} 22. Bd5+ Kh8 23. Ne6 Rxe6 $1 24. Bxe6 {Ne3 is the strong threat.} f4 25. g4 (25. Bxd7 $17 Qxd7 26. Kh2) 25... Qh6 (25... e4 $1 $19 26. dxe4 Nce5 27. Qxd6 Nf3+ 28. Kf1 Nf6) 26. Bxd7 {Strongly threatening Kh2.} Qxh3 27. Re4 d5 28. Qe1 $2 (28. Re3 $17 {only move.} f3 29. Rxf3 Qxf3 30. Qe3) 28... dxe4 $19 29. Qxe4 {[#]} Nd4 $1 {[%cal Rd4e2] ( -> ...Ne2+!)} ({Wrong is} 29... f3 $2 30. Ne3 $18) 30. Qxe5+ Kg8 {[%csl Gb7][%cal Rh3h1]} 31. Be6+ Nxe6 32. Qxe6+ Rf7 {[%csl Gb7][%cal Rh3h1]} 33. Qe8+ {[#]} Kg7 $1 {[%csl Gb7][%cal Rh3h1]} 34. Qe5+ Kf8 {[%csl Gb7][%cal Rh3h1]} 35. Qb8+ Kg7 {[%csl Gb7][%cal Rh3h1]} 36. Qe5+ Kh6 {[%csl Gb7][%cal Rh3h1]} 37. Qh5+ Qxh5 38. gxh5 {[%mdl 4096] Endgame KRB-KRN} Bf3 39. bxc5 $2 (39. c4 {was the only defense.}) 39... Rf5 40. Kf1 (40. d4 $2 {gets mated.} Rxh5 41. Kf1 Rh1#) 40... Rxc5 41. Ke1 {Now Kd2 and White clings on.} Rxh5 42. c4 Rh1+ 43. Kd2 Rf1 44. c5 (44. cxb5 $17 axb5 45. d4) 44... Kg5 45. Rc1 $2 (45. c6 Bxc6 46. Ke2) 45... Rxd1+ {Black is clearly winning.} 46. Rxd1 Bxd1 47. Kxd1 Kf5 48. d4 Ke6 {Precision: White = 28%, Black = 77%.} 0-1

[Event "Your Next Move GCT 2018-Blitz"]
[Site "Leuven"]
[Date "2018.06.16"]
[Round "13"]
[White "Karjakin, Sergey"]
[Black "Anand, Viswanathan"]
[Result "1-0"]
[WhiteElo "2816"]
[BlackElo "2817"]
[Annotator "TA"]
[PlyCount "105"]
[EventDate "2018.06.16"]
[EventType "tourn"]
[EventCountry "BEL"]
[SourceTitle "playchess.com"]
[Source "ChessBase"]
[SourceQuality "1"]

{[%evp 16,105,6,11,22,25,31,22,25,0,0,0,25,23,23,23,21,19,19,12,17,12,17,18,25,18,21,25,44,40,59,28,31,26,26,21,41,44,44,43,37,43,40,25,77,55,93,111,104,94,98,94,94,94,79,77,97,93,79,63,63,32,35,33,92,117,206,221,288,288,288,288,288,288,288,288,288,288,297,296,289,289,264,273,688,688,687,670,646,633,571,571]} 1. e4 e5 2. Nf3 Nc6 3. Bc4 Bc5 4. d3 Nf6 5. Nc3 h6 6. h3 d6 7. Na4 Bb6 {C50: Italienische Partie} 8. a3 O-O 9. O-O {LiveBook: 3 Partien} Qe8 $146 {Die Stellung ist ausgeglichen.} ({Vorgänger:} 9... Be6 10. Re1 Bxc4 11. dxc4 Nd4 12. Nh4 Nd7 13. g3 Qf6 14. Nxb6 Nxb6 {1-0 (55) Artemiev,V (2691)-Mamedyarov,S (2799) Huaian 2017}) 10. Re1 Be6 11. Nxb6 axb6 12. b3 Nd7 13. Bxe6 Qxe6 14. d4 Nxd4 15. Nxd4 exd4 16. Qxd4 Qe5 17. Bb2 Qxd4 18. Bxd4 b5 19. Bb2 Rfe8 20. Rad1 Re6 21. f3 Nf6 22. Kf2 Ne8 23. Rd5 c6 24. Rd2 Nc7 25. f4 {und nun wäre f5 stark für Weiss.} d5 26. Be5 $36 {[%mdl 2048] Weiss steht aktiver.} Rc8 27. Bxc7 Rxc7 28. exd5 cxd5 $14 {[%mdl 4096] Endspiel KTT-KTT} 29. Ree2 Rf6 (29... Rce7 $11 {bleibt in der Remisbreite.}) 30. g3 g5 31. Rxd5 gxf4 32. Rxb5 fxg3+ 33. Kxg3 Rc3+ 34. Kg2 b6 35. Kh2 Kh7 36. a4 Rfc6 37. Rf5 Rxc2 38. Rxf7+ Kg6 39. Rfe7 Rxe2+ (39... R6c3 $14) 40. Rxe2 {KT-KT} Kg5 {[#]} (40... Kf5 $16 {war angesagt.}) 41. Re4 $1 $18 Rc2+ 42. Kg1 Rc6 43. Rb4 Kf5 44. Kf2 Ke5 45. Ke2 Kd5 46. Kd3 Rg6 47. Rd4+ Kc6 48. Kc4 Kb7 49. b4 {[%cal Bb3b4,Bb4b5][%mdl 32]} Ka6 $2 {[#]} (49... Rg5 50. Rd5 Rg6) 50. b5+ {Weiß steht klar auf Gewinn.} Kb7 51. Rd7+ Kc8 52. Rh7 Rd6 53. h4 {Precision: Weiß = 75%, Schwarz = 41%.} 1-0

[Event "Your Next Move GCT 2018-Blitz"]
[Site "Leuven"]
[Date "2018.06.16"]
[Round "13"]
[White "Aronian, Levon"]
[Black "Nakamura, Hikaru"]
[Result "0-1"]
[WhiteElo "2809"]
[BlackElo "2878"]
[Annotator "TA"]
[PlyCount "96"]
[EventDate "2018.06.16"]
[EventType "tourn"]
[EventCountry "BEL"]
[SourceTitle "playchess.com"]
[Source "ChessBase"]
[SourceQuality "1"]

{[%evp 15,96,14,17,7,16,12,14,0,3,2,0,0,15,6,34,21,36,29,46,40,33,0,0,0,0,0,0,0,0,0,0,-26,-25,-34,45,-88,171,194,214,214,339,328,444,440,425,-148,-138,-196,-196,-194,-162,-190,-190,-197,-196,-196,-196,-197,-197,-233,-231,-231,-226,-307,-265,-262,-219,-219,-127,-127,-75,-76,-73,-29964,-29968,-6440,-2943,-29969,-29970,-29969,-29970,-29964,-29959]} 1. e4 c5 2. Nc3 d6 3. Nge2 Nf6 4. g3 g6 5. Bg2 Bg7 6. O-O O-O 7. d3 Nc6 8. Bg5 Rb8 {LiveBook: 4 Partien. B25: Sizilianisch (Geschlossenes System)} 9. Nd5 Ne8 $146 ({Vorgänger:} 9... Nxd5 10. exd5 Ne5 11. d4 cxd4 12. Nxd4 h6 13. Bc1 Bg4 14. f3 Bd7 15. c3 Qb6 16. Re1 {½-½ (34) Romanishin,O (2560)-Sturua,Z (2395) Soviet Union 1979}) 10. c3 h6 {Die Stellung ist ausgeglichen.} 11. Bd2 b5 12. f4 e6 13. Ne3 Ne7 14. g4 d5 15. e5 a5 16. d4 cxd4 17. cxd4 b4 18. f5 {Und f6 würde nun gewinnen.} f6 $1 19. fxe6 Bxe6 20. Nf4 Qb6 21. Qb3 Rd8 22. Nxe6 Qxe6 23. exf6 (23. Rae1 {is more complex.} fxe5 24. Rxf8+ Kxf8 25. dxe5 Bxe5 26. Nc2) 23... Nxf6 24. Rae1 {[%cal Ba1e1,Be1e7,Be7f7][%mdl 32]} Nxg4 (24... Ne4 $15 25. Rxf8+ Kxf8) 25. Rxf8+ (25. Nxg4 $14 {war der einzige gute Zug.} Qxg4 26. Rxe7) 25... Rxf8 $4 {[%mdl 8192]} (25... Kxf8 $17 {bleibt auf Kurs.} 26. Nc2 Qf7) 26. Nxg4 $18 Qxg4 27. Rxe7 Qxd4+ (27... Kh8 {ist wohl besser.} 28. Kh1 Qxd4) 28. Be3 Qh4 29. Qxd5+ Kh8 {( -> ...De1+)} 30. Rf7 $2 (30. Bc5 $18) 30... Qe1+ $17 31. Rf1 (31. Bf1 $17 Qxe3+ 32. Kg2) 31... Qxe3+ $40 {[%mdl 128] Schwarz geht auf den König.} 32. Kh1 Rxf1+ 33. Bxf1 Qc1 {[%cal Rc1f1]} 34. Qc4 Qxb2 35. Bd3 Qf6 36. Qe4 Kh7 37. h4 {[#]} h5 $1 38. Kg2 Qd6 39. Bc2 Be5 40. Qd3 Qc6+ 41. Qe4 Qf6 ({Besser ist} 41... Qe6 $19 42. Qb7+ Kh6) 42. Qf3 $17 Qe6 ({Lieber} 42... Kh6 43. Qxf6 Bxf6) 43. Qxh5+ Kg7 44. Qg5 $2 {[%mdl 8192] [#]} (44. Qe2 $17) 44... Qc6+ 45. Kf1 Qc4+ (45... Qf3+ $142 46. Kg1 Bd4+ 47. Kh2 Qf2+ 48. Kh3 Qxc2 49. Qe7+ Kh6 50. Qg5+ Kh7 51. Qe7+ Bg7) 46. Kg1 Bd4+ {Schwarz setzt Matt.} 47. Kh1 Qxc2 48. Qe7+ Kh6 {Precision: Weiß = 41%, Schwarz = 61%.} 0-1

[Event "Your Next Move GCT 2018-Blitz"]
[Site "Leuven"]
[Date "2018.06.16"]
[Round "13"]
[White "Mamedyarov, Shakhriyar"]
[Black "Giri, Anish"]
[Result "1/2-1/2"]
[WhiteElo "2757"]
[BlackElo "2799"]
[Annotator "TA"]
[PlyCount "66"]
[EventDate "2018.06.16"]
[EventType "tourn"]
[EventCountry "BEL"]
[SourceTitle "playchess.com"]
[Source "ChessBase"]
[SourceQuality "1"]

{[%evp 9,66,0,0,-17,-15,-15,-15,-15,-9,-15,-13,-11,-11,-18,-8,-16,-12,-33,-36,-34,-43,-43,-26,-22,-29,-42,-48,-50,-52,-113,-56,-59,-51,-112,-29,-40,-39,-112,-110,-110,-107,-118,-110,-135,-96,-116,-89,-103,-97,-93,-68,-82,0,0,0,0,0,0,0]} 1. d4 Nf6 2. Nf3 d5 3. Nbd2 c5 4. dxc5 (4. e3 cxd4 5. exd4 Nc6 6. Bb5 Qb6 7. a4 a6 8. Bxc6+ Qxc6 9. Ne5 Qc7 10. O-O g6 11. c4 Bg7 12. b3 O-O 13. Ba3 dxc4 {0-1 (67) Pechac,J (2442)-Aczel,G (2532) Slovakia 2018}) 4... e6 5. b4 a5 6. c3 {D02: 1 d4 d5 2 Nf3 sidelines, including 2...Nf6 3 g3 and 2...Nf6 3 Bf4} axb4 7. cxb4 b6 8. cxb6 Bxb4 9. Rb1 Qxb6 {[#]} 10. a3 $1 {[%mdl 512]} Bxd2+ (10... Bxa3 11. Rxb6) 11. Bxd2 Qa7 $40 {[%mdl 128] White needs to defend precisely.} 12. e3 O-O 13. Bd3 $146 ({Predecessor:} 13. Nd4) 13... Ba6 14. Bb4 Rc8 15. O-O Nc6 {[%cal Bb8c6,Bc6e5,Be5c4][%mdl 32]} 16. Bxa6 Qxa6 17. Nd4 Ne5 18. h3 Ne4 19. Rc1 (19. Rb3 $15) 19... Rxc1 (19... Nd3 $17 20. Rc2 Rxc2 21. Qxc2 Rc8) 20. Qxc1 $15 Nc4 {[%cal Rc4a3]} 21. Nc2 {[#]} ({White should play} 21. f3 $15 Ng3 22. Re1) 21... h6 (21... Rc8 $1 $17 22. Qe1 Ncd2 23. Bxd2 Rxc2) 22. Qa1 $11 Ncd2 23. Bxd2 (23. Re1 $1 $15) 23... Nxd2 $17 24. Rd1 {[#]} Ne4 $1 {And now ...Qe2 would win.} 25. f3 Nd6 26. Qd4 Qc6 27. Nb4 Qa4 28. Ra1 Nf5 29. Qd3 Qa7 30. Nxd5 exd5 (30... Qc5 $17 31. Nc3 Nxe3) 31. Qxf5 $11 {The position is equal.} Qxe3+ 32. Kh1 Rxa3 33. Qc8+ Kh7 {Precision: White = 54%, Black = 69%.} 1/2-1/2

[Event "Your Next Move GCT 2018-Blitz"]
[Site "Leuven"]
[Date "2018.06.16"]
[Round "14"]
[White "Nakamura, Hikaru"]
[Black "Caruana, Fabiano"]
[Result "0-1"]
[WhiteElo "2878"]
[BlackElo "2818"]
[Annotator "TA"]
[PlyCount "108"]
[EventDate "2018.06.16"]
[EventType "tourn"]
[EventCountry "BEL"]
[SourceTitle "playchess.com"]
[Source "ChessBase"]
[SourceQuality "1"]

{[%evp 9,108,-24,-16,-17,-18,-18,-11,-16,-8,-12,-9,-28,0,0,0,-10,0,-7,4,6,10,2,18,3,26,19,7,0,36,18,15,17,7,-13,28,26,36,12,0,0,2,0,0,0,0,0,0,-14,0,0,0,0,0,0,90,7,1,0,87,86,78,70,59,46,57,46,59,20,91,79,82,85,79,-93,0,-232,73,33,54,-545,-550,-550,-543,-543,-538,-462,-436,-951,-941,-942,-929,-1058,-1030,-940,-856,-12831,-12832,-12807,-5465,-29983,-12770]} 1. Nf3 d5 2. b3 Nf6 3. Bb2 g6 4. Bxf6 exf6 5. e3 c6 (5... Bg7 6. d4 O-O 7. g3 Be6 8. Bg2 Nd7 9. O-O f5 10. Nc3 Qe7 11. Ne2 Nf6 12. Rc1 Rfd8 13. c4 {½-½ (88) Nakamura,H (2792)-Le,Q (2739) Saint Louis 2017}) 6. d4 {A01: Nimzowitsch-Larsen Opening} Bd6 7. g3 O-O $146 ({Predecessor:} 7... h5 8. Bg2 Bg4 9. Qc1 O-O 10. O-O Qc8 11. Nbd2 Re8 {0-1 (80) Himanshu,S (2397)-Gupta,A (2640) Visakhapatnam 2011}) 8. Bg2 {The position is equal.} Re8 9. O-O Be6 10. Nfd2 Bf8 11. c4 Na6 12. Nc3 Nc7 13. a3 a5 14. c5 h5 15. b4 axb4 16. axb4 Bh6 17. Rxa8 Qxa8 18. Qb3 Bf5 19. Qb2 Qc8 20. b5 h4 21. Re1 Bd3 22. bxc6 bxc6 23. Nf3 h3 24. Bf1 Bxf1 25. Rxf1 Qf5 26. Qe2 Rb8 27. Nh4 Qe6 28. Qc2 Kg7 29. Nf3 Qg4 30. Nd2 Ne6 {White must now prevent ...Nxd4!} 31. f4 Re8 {[#]} (31... Bxf4 $11 32. exf4 Nxd4) 32. Qd3 (32. Qd1 $1 $16 {[%cal Rd1g4]} Qxd1 33. Rxd1) 32... Kg8 $11 33. Nd1 Bf8 (33... Nc7 $11) 34. Nf2 $16 Qh5 35. Rc1 Ra8 36. g4 Qh6 37. Nf3 Be7 38. Re1 Bd8 {[#]} (38... g5 $1 $11 {remains equal.}) 39. Qf1 $1 Ra3 {aiming for ...Ba5.} 40. Qxh3 Qf8 41. Qg3 $2 (41. f5 $16 {stays on course.} Ng5 42. Nxg5 fxg5 43. Qg3) 41... Bc7 ({Black should try} 41... Ba5 $17 42. Re2 Bc7) 42. Qg2 $2 (42. Nh3 $11) 42... Ra2 $2 (42... Ba5 $19 43. Rd1 Rxe3) 43. f5 Ng5 44. h4 $2 {[%mdl 8192]} (44. Nxg5 $14 {stays ahead.} fxg5 45. Qh3) 44... Ne4 $19 45. Rf1 Bg3 46. Nxe4 Rxg2+ 47. Kxg2 dxe4 48. Nd2 (48. Kxg3 $142 Qb8+ 49. Kg2 exf3+ 50. Rxf3) 48... Bxh4 49. Nxe4 Qd8 50. Nd6 Qb8 51. Kf3 Qb2 52. d5 cxd5 53. c6 Qc2 54. Nc8 Kg7 {Precision: White = 38%, Black = 41%.} (54... Qe4+ $142 55. Ke2 Qg2+ 56. Kd3 Qxf1+ 57. Kc2 Qe2+ 58. Kc3 Be1+ 59. Kb3 Qb5+ 60. Kc2 Qxc6+ 61. Kb1 Qxc8 62. g5 Bd2 63. fxg6 Qc3 64. Ka2 Bc1 65. gxf7+ Kf8 66. gxf6 Qb2#) 0-1

[Event "Your Next Move GCT 2018-Blitz"]
[Site "Leuven"]
[Date "2018.06.16"]
[Round "14"]
[White "Vachier-Lagrave, Maxime"]
[Black "Mamedyarov, Shakhriyar"]
[Result "0-1"]
[WhiteElo "2837"]
[BlackElo "2757"]
[Annotator "TA"]
[PlyCount "130"]
[EventDate "2018.06.16"]
[EventType "tourn"]
[EventCountry "BEL"]
[SourceTitle "playchess.com"]
[Source "ChessBase"]
[SourceQuality "1"]

{[%evp 9,130,31,38,33,29,28,39,28,36,13,23,20,35,0,8,0,9,13,6,0,-6,-6,-15,-16,-17,-27,-23,-19,-19,-27,-27,-21,-24,-16,-6,-14,-11,-9,-9,-73,-77,-83,-85,-75,-70,-116,-27,-18,-16,-66,0,-45,0,0,0,0,0,0,0,-15,-8,-41,-33,-94,-47,-49,-50,-44,-50,-77,-59,-63,-58,-66,-77,-135,-133,-122,-127,-153,-153,-163,-159,-297,-297,-297,-297,-290,-290,-290,-285,-285,-285,-268,-261,-365,-346,-399,-392,-4141,-4141,-4141,-4141,-4141,-4141,-4141,-4141,-4141,-4141,-4141,-4141,-4141,-4141,-4137,-4133,-4133,-4133,-1212,-1205,-1205,-1078,-1070,-1070]} 1. e4 e5 2. Nf3 Nc6 3. Bb5 g6 4. c3 a6 5. Ba4 Bg7 6. d4 {C70: Ruy Lopez: 3...a6 4 Ba4, Norwegian and Delayed Schliemann} (6. O-O Nge7 7. d4 exd4 8. cxd4 b5 9. Bc2 d5 10. exd5 Nxd5 11. Re1+ Be6 12. Bg5 Qd7 13. Nc3 O-O 14. Be4 Rae8 15. Bxd5 Bxd5 16. Ne5 Nxe5 17. dxe5 {½-½ (32) Anand,V (2760)-Mamedyarov,S (2808) Stavanger 2018}) 6... exd4 7. cxd4 b5 8. Bb3 {White is slightly better.} Nge7 9. O-O O-O 10. Nc3 d6 11. h3 Na5 12. Bc2 c5 13. dxc5 dxc5 14. Qxd8 Rxd8 15. Bg5 {[#]} Re8 $146 ({Predecessor:} 15... Nac6 16. Nd5 Nxd5 17. exd5 Rxd5 {0-1 (36) Mutschnik,I (2452)-Berczes,D (2557) Germany 2011}) 16. Rad1 Be6 17. Nd5 Nxd5 18. exd5 Bd7 {[%cal Be6d7,Bd7e8,Be8f7][%mdl 32]} 19. b3 c4 20. Rfe1 cxb3 21. axb3 Rac8 22. Rxe8+ Bxe8 23. Re1 Bc3 {Hoping for ...f6.} 24. Re2 (24. Re7 $11 {keeps the balance.}) 24... f6 $1 $17 {[%cal Rf6g5]} 25. Bf4 Bf7 26. d6 {[#]} Rd8 $1 27. Nd2 {[#]} Bb4 (27... f5 $1 $17 28. Re7 Nc6) 28. Ne4 $11 Kg7 29. Re3 Rd7 (29... g5 $15 30. Bg3 Bg6) 30. h4 {aiming for Nxf6!} Nb7 31. Nxf6 Kxf6 32. Be5+ Ke6 33. Bc3+ Kxd6 34. Bxb4+ Kc7 35. Bc3 a5 36. h5 ({White should try} 36. Kf1 $15) 36... b4 37. Be5+ Kb6 38. h6 Nc5 39. Rf3 {[#]} a4 $1 {[%cal Ra4b3][%mdl 512]} 40. bxa4 b3 41. Rf6+ Ka5 42. Rc6 ({Better is} 42. Bc3+ Kxa4 43. Bb1) 42... Kb4 $17 43. Bxb3 Nxb3 44. Kh2 Kxa4 45. Kg3 Kb5 46. Rd6 (46. Rc8 $17 {might work better.}) 46... Rxd6 $19 47. Bxd6 Kc6 48. Ba3 Kd5 49. Kf4 Nd4 50. Bb2 Ne6+ 51. Ke3 Be8 52. f4 Bd7 53. g4 Nc5 54. f5 $2 (54. Kf3) 54... gxf5 {Black is clearly winning.} 55. gxf5 Bxf5 56. Ba3 Ne6 57. Bc1 Bg6 58. Kf3 Ke5 59. Kg4 Bf5+ 60. Kh5 Kf6 61. Bb2+ Kf7 62. Be5 Bc2 63. Bb2 Bd1+ 64. Kh4 Kg6 65. Bc1 Nd4 {Precision: White = 29%, Black = 79%.} 0-1

[Event "Your Next Move GCT 2018-Blitz"]
[Site "Leuven"]
[Date "2018.06.16"]
[Round "14"]
[White "Grischuk, Alexander"]
[Black "Karjakin, Sergey"]
[Result "1-0"]
[WhiteElo "2831"]
[BlackElo "2816"]
[Annotator "TA"]
[PlyCount "53"]
[EventDate "2018.06.16"]
[EventType "tourn"]
[EventCountry "BEL"]
[SourceTitle "playchess.com"]
[Source "ChessBase"]
[SourceQuality "1"]

{[%evp 20,53,21,14,13,9,15,16,13,18,15,16,70,53,53,48,50,43,166,143,185,184,450,442,448,445,421,419,580,556,645,603,815,810,787,176]} 1. c4 Nf6 2. Nf3 e6 3. g3 d5 4. Bg2 dxc4 5. Qa4+ c6 6. Qxc4 b5 {A13: English Opening: 1...e6} 7. Qb3 Bb7 8. O-O Be7 9. d4 O-O 10. Rd1 Nbd7 11. Nc3 {LiveBook: 7 Games} (11. Ne5 Nxe5 12. dxe5 Nd7 13. Bf4 Qc7 14. Nd2 {0-1 (74) Aronian,L (2794)-Karjakin,S (2763) Berlin 2018}) 11... Qb6 12. Bg5 h6 13. Bxf6 Nxf6 14. Ne5 Rfd8 15. e3 a6 $146 (15... Rab8 $11) ({Predecessor:} 15... Rab8 16. a4 a6 17. Ne4 Nxe4 18. Bxe4 {½-½ (30) Lagno,K (2546)-Paikidze,N (2406) Gaziantep 2012}) 16. Rac1 Qc7 $1 17. Ne4 Nxe4 $1 18. Bxe4 {[%cal Re5c6]} Rd6 (18... c5 $1 $14 19. Bxb7 Qxb7) 19. Rd3 Rc8 20. Rdc3 Qb6 $2 {[#]} (20... Bd8 {keeps fighting.} 21. Bxc6 Bxc6) 21. Nc4 $1 $18 {[%mdl 512]} Qd8 (21... bxc4 22. Qxb6) 22. Nxd6 Qxd6 23. Qc2 e5 24. Bxc6 {White is clearly winning.} Rxc6 25. Rxc6 Qd5 {[#]} 26. Rc8+ $1 Bf8 {[#]} (26... Bxc8 27. Qxc8+) 27. Rxf8+ $2 {Precision: White = 76%, Black = 29%.} (27. e4 $1 Qxe4 28. Qxe4 Bxe4 29. Rb8) 1-0

[Event "Your Next Move GCT 2018-Blitz"]
[Site "Leuven"]
[Date "2018.06.16"]
[Round "14"]
[White "Anand, Viswanathan"]
[Black "Aronian, Levon"]
[Result "1/2-1/2"]
[WhiteElo "2817"]
[BlackElo "2809"]
[Annotator "TA"]
[PlyCount "67"]
[EventDate "2018.06.16"]
[EventType "tourn"]
[EventCountry "BEL"]
[SourceTitle "playchess.com"]
[Source "ChessBase"]
[SourceQuality "1"]

{[%evp 10,67,25,14,17,15,24,0,0,0,0,0,2,0,0,-14,-12,-14,-7,-35,-35,-34,-31,-38,-35,-42,-25,-49,-42,-34,0,-39,-44,-69,-53,-53,-24,-24,-24,-24,0,0,0,0,0,0,0,0,0,0,0,0,0,0,0,0,0,0,11,11]} 1. e4 e5 2. Nf3 Nc6 3. Bc4 Bc5 4. d3 Nf6 5. Nc3 a6 6. Nd5 {LiveBook: 5 Games. C50: Hungarian Defence and Giuoco Pianissimo} Nxd5 7. Bxd5 d6 8. Be3 {White has an edge.} (8. Bg5 {feels hotter.} Ne7 9. Bb3 h6 10. Bh4 O-O 11. O-O) 8... Bxe3 9. fxe3 O-O 10. O-O Nb8 {[%cal Bc6b8,Bb8d7,Bd7c5][%mdl 32]} 11. Qd2 $146 ({Predecessor:} 11. b4 Nd7 12. Qd2 c6 13. Bb3 a5 {1-0 (37) Kramnik,V (2800)-Aronian,L (2794) Berlin 2018}) 11... Nd7 12. h3 c6 13. Bb3 Nc5 14. Rf2 a5 {[#] aiming for ...a4.} 15. c3 Nxb3 16. axb3 Be6 17. c4 b5 18. Qc3 f6 19. d4 Qb6 20. Rc2 {[%cal Bf2c2,Bc2c1,Bc1a1][%mdl 32]} c5 21. Kh2 Rfc8 22. d5 Bd7 23. cxb5 Bxb5 24. Nd2 Rcb8 25. Rcc1 {The position is equal.} Qd8 26. Ra3 a4 (26... Ra7 {is interesting.} 27. Rca1 Rba8 28. Nc4 Bxc4 29. bxc4 g6) 27. bxa4 Rxa4 28. Rxa4 Bxa4 29. Ra1 Bb5 30. Ra7 h6 31. b3 Kh7 32. Qa1 Qf8 33. Qa5 Qd8 34. Qxd8 {Precision: White = 67%, Black = 61%.} 1/2-1/2